15 krajów o największej liczbie zgonów Covid19 - 28 kwi 2021 - Statystyki

Ogólne statystyki
  • Ten quiz został rozwiązany 29 razy
  • Średni wynik to 12 z 24
Statystyki odpowiedzi
kraj % Poprawnych
Polska
100%
Stany Zjednoczone
96%
Rosja
92%
Hiszpania
88%
Niemcy
88%
Francja
83%
Brazylia
71%
Wielka Brytania
71%
Indie
67%
Argentyna
63%
Włochy
63%
Meksyk
58%
Peru
46%
Czechy
38%
Kolumbia
38%
Iran
29%
Słowacja
29%
Belgia
25%
Bułgaria
21%
Słowenia
21%
Węgry
21%
Bośnia i Hercegowina
17%
Chorwacja
17%
Macedonia Północna
8%
Nie znaleziono quizów pasujących do podanych kryteriów
Rozkład punktacji
Procent ludzi z każdym wynikiem
Percentyl według liczby udzielonych odpowiedzi
Twoja historia wyników
Nie rozwiązałeś tego quizu